Phương pháp mới trong dạy - học Địa lí 11

Đã lưu trong:
Sonraí Bibleagrafaíochta
Príomhúdar: Trần, Thị Kim Oanh
Formáid: Leabhar
Teanga:Undetermined
Foilsithe: Hà Nội Đại học quốc gia Hà Nội 2007
Ábhair:
Clibeanna: Cuir Clib Leis
Gan Chlibeanna, Bí ar an gcéad duine leis an taifead seo a chlibeáil!
Thư viện lưu trữ: Trung tâm Học liệu Trường Đại học Cần Thơ
LEADER 00615nam a2200205Ia 4500
001 CTU_129292
008 210402s9999 xx 000 0 und d
020 |c 25000 
082 |a 910.7 
082 |b O.408 
100 |a Trần, Thị Kim Oanh 
245 0 |a Phương pháp mới trong dạy - học Địa lí 11 
245 0 |c Trần Thị Kim Oanh 
260 |a Hà Nội 
260 |b Đại học quốc gia Hà Nội 
260 |c 2007 
650 |a Geography 
650 |x Study and teaching ( secondary ) 
904 |i Tuyến 
980 |a Trung tâm Học liệu Trường Đại học Cần Thơ